Modern thermodynamics with statistical mechanics (Record no. 67584)

000 -LEADER
fixed length control field 00486nam a22001817a 4500
003 - CONTROL NUMBER IDENTIFIER
control field NUST - PNEC
005 - DATE AND TIME OF LATEST TRANSACTION
control field 20170116181027.0
008 - FIXED-LENGTH DATA ELEMENTS--GENERAL INFORMATION
fixed length control field 150917b xxu||||| |||| 00| 0 eng d
020 ## - INTERNATIONAL STANDARD BOOK NUMBER
International Standard Book Number 0029465753
020 ## - INTERNATIONAL STANDARD BOOK NUMBER
International Standard Book Number 0023067802
040 ## - CATALOGING SOURCE
Transcribing agency LIBRARY
082 ## - DEWEY DECIMAL CLASSIFICATION NUMBER
Classification number 621.4021 BAU
100 ## - MAIN ENTRY--PERSONAL NAME
9 (RLIN) 10865
Personal name Bauman, Robert P.
245 ## - TITLE STATEMENT
Title Modern thermodynamics with statistical mechanics
Statement of responsibility, etc. Robert P. Bauman
260 ## - PUBLICATION, DISTRIBUTION, ETC.
Date of publication, distribution, etc. c.1992
650 ## - SUBJECT ADDED ENTRY--TOPICAL TERM
9 (RLIN) 10867
Topical term or geographic name entry element Statistical mechanics
General subdivision ME
942 ## - ADDED ENTRY ELEMENTS (KOHA)
Source of classification or shelving scheme
Koha item type Book
Holdings
Withdrawn status Lost status Source of classification or shelving scheme Damaged status Not for loan Permanent Location Current Location Shelving location Date acquired Total Checkouts Full call number Barcode Date last seen Price effective from Koha item type
          Pakistan Navy Engineering College (PNEC) Pakistan Navy Engineering College (PNEC)       621.4021 BAU PNECLIB-021084 09/17/2015   Book
          Pakistan Navy Engineering College (PNEC) Pakistan Navy Engineering College (PNEC)       621.4021 BAU PNECLIB-022729 09/18/2015   Book
          Pakistan Navy Engineering College (PNEC) Pakistan Navy Engineering College (PNEC)       621.4021 BAU PNECLIB-022882 09/18/2015   Book
© 2023 Central Library, National University of Sciences and Technology. All Rights Reserved.